|
|
|
|
| LEADER |
01072nam a22002771 4500 |
| 001 |
c000318755 |
| 003 |
CARM |
| 005 |
00000000000000.0 |
| 008 |
700427r19681707enkc 00010 eng |
| 015 |
|
|
|a B68-13218
|
| 019 |
1 |
|
|a 355498
|5 LACONCORD2021
|
| 035 |
|
|
|a (OCoLC)40462
|5 LACONCORD2021
|
| 050 |
0 |
0 |
|a PE1109
|b .D94 1707a
|
| 100 |
1 |
|
|a Dyche, Thomas,
|d d. ca. 1733.
|
| 245 |
1 |
2 |
|a A guide to the English tongue, 1707 /
|c Thomas Dyche.
|
| 260 |
|
|
|a Menston, (Yorks.) :
|b Scolar P.,
|c 1968.
|
| 300 |
|
|
|a [13], 144 p. :
|b port. ;
|c 22 cm.
|
| 490 |
0 |
|
|a English linguistics, 1500-1800 ;
|v no. 92
|
| 500 |
|
|
|a "A Scolar Press facsimile."
|
| 500 |
|
|
|a Facsimile reprint of 1st ed., London : Sam Butler, 1707.
|
| 650 |
|
0 |
|a English language
|x Composition and exercises.
|
| 650 |
|
0 |
|a English language
|x Pronunciation.
|
| 852 |
8 |
|
|b CARM
|h A1:AP23B0
|i B07846
|p 0350864
|f BK
|
| 082 |
0 |
4 |
|a 428/.1
|
| 999 |
f |
f |
|i ccf6a74e-e799-56aa-8ec6-dca927e79416
|s 71f30108-27e3-523e-83cb-c6755eaa2643
|
| 952 |
f |
f |
|p Can circulate
|a CAVAL
|b CAVAL
|c CAVAL
|d CARM 1 Store
|e B07846
|f A1:AP23B0
|h Other scheme
|i book
|m 0350864
|